| 000 | 00436nam a22001817a 4500 | ||
|---|---|---|---|
| 003 | MPLRDC | ||
| 005 | 20220104160800.0 | ||
| 008 | 210129b ||||| |||| 00| 0 eng d | ||
| 020 | _a7-80115-920-9 | ||
| 082 | _a411.94 JZH | ||
| 100 | _a金昭亨 | ||
| 245 |
_a排毒减肥 _c陈佑伟译 |
||
| 250 | _a第一版 | ||
| 260 |
_a中国 _b当代世界出版社 _c2005 |
||
| 300 | _b平 | ||
| 650 | _a减肥 | ||
| 942 |
_cBK _o411.94 JZH |
||
| 999 |
_c55166 _d55156 |
||